| 000 | 01437nam1a2200265 i 4500 | ||
|---|---|---|---|
| 001 | RU\NLR\BIBL_A\011090936 | ||
| 005 | 20260408080643.0 | ||
| 035 | _a(NLR Aleph) 011090936 | ||
| 090 |
_a11367021 _c11367021 |
||
| 100 | _a20151223g20159999c y0rusy50 ca | ||
| 101 | 0 | _arus | |
| 102 | _aRU | ||
| 105 | _a j 000zy | ||
| 200 | 1 |
_aМансийская литература _eхрестоматия для учащихся 1-4 классов общеобразовательных учреждений _fДеп. образования и молодеж. политики ХМАО-Югры, Обско-угор. ин-т приклад. исслед. и разработок _g[авт.-сост. Л.Н. Панченко, С.А. Герасимов] |
|
| 210 |
_aХанты-Мансийск _cЮгорский формат _d2015 |
||
| 215 | _d20 | ||
| 606 | 1 |
_aМансийская литература _jХрестоматии для начальной школы _92074901 _3RU\NLR\AUTH\661249926 |
|
| 686 | 1 | _aШ5(2=Ма)я7-3 | |
| 702 | 1 |
_aПанченко _bЛ.Н. _gЛюдмила Николаевна _4220 |
|
| 712 | 0 | 2 |
_4570 _aОбско-угорский институт прикладных исследований и разработок _cХанты-Мансийск _3RU\NLR\AUTH\8810098523 _9698059 |
| 852 |
_aNLR _j2015-3/40886 |
||
| 942 | _cBOOK | ||